La casa de Matriona

Furkejuvvon:
Bibliográfalaš dieđut
Váldodahkki: Solzhenitsyn, Alexander Isacvich (Dahkki)
Materiálatiipa: Girji
Giella:espánnjágiella
Almmustuhtton: Santiago Ercilla 1969
Preanttus:2a. ed
Fáttát:
Fáddágilkorat: Lasit fáddágilkoriid
Eai fáddágilkorat, Lasit vuosttaš fáddágilkora!

MARC

LEADER 00000nam a2200000 a 4500
001 UCH9189
003 CL-VaPUC
008 091224e19690000CL |||||||||||||||||spa|d
082 0 4 |a 890  |b SOL  |2 21 
100 0 |a Solzhenitsyn, Alexander Isacvich  |e author  |9 342633 
245 1 3 |a La casa de Matriona 
250 |a 2a. ed 
300 |a 182 p 
942 |c BK 
945 |d 20091224 00:00:00  |a cmena 
260 |a Santiago  |b Ercilla  |c 1969 
650 0 |a Novelas rusas   |9 316330 
650 0 |a Literatura rusa  |9 318370 
583 |a last modification  |c 20091224 00:00:00  |k Rodrigo Vera 
999 |c 339250  |d 339248 
952 |0 0  |1 0  |4 0  |6 890_000000000000000_SOL_1969  |7 0  |8 C  |9 432781  |a BIBCUR  |b BIBCUR  |d 2019-11-22  |i 4582594  |o 890 SOL 1969  |p 4582594  |r 2025-04-22  |w 2019-11-22  |y BK  |k CAC